| 000 | 00654nam a22002057a 4500 | ||
|---|---|---|---|
| 999 |
_c18918 _d18918 |
||
| 003 | AR-CdUCM | ||
| 008 | 190515b ||||| |||| 00| 0 spa d | ||
| 040 |
_aMUNICIPALIDAD PROVINCIAL DEL CUSCO _cBIBLIOTECA MUNICIPAL DEL CUSCO |
||
| 082 |
_a325 / _bH21 |
||
| 110 |
_aUNESCO _913999 |
||
| 245 | _aAportaciones positivas de los inmigrantes / | ||
| 260 |
_aParís : _bUnesco, _c1955. |
||
| 300 |
_a213 páginas ; _c22 cm. |
||
| 505 | _aContenido : Estados Unidos de América -- El Reino Unido -- Australia ... | ||
| 650 |
_aUnesco _99830 |
||
| 650 |
_aInmigrantes _92747 |
||
| 650 |
_aSociales _928612 |
||
| 942 |
_2ddc _cLIBROS |
||
| 945 |
_arah _d2019/05/15 |
||